000
00248nam a22000977a 4500
082
_a
355 MT MEN'T
245
_a
MENTLY TRAINING AND CARE OF PSCHOLIGICAL WAR
260
_a
RAWALPINDI
_b
PSHCHOLIGICAL OPS DTE
_c
1980
300
_a
418P
942
_c
BK
_2
ddc
999
_c
581112
_d
581112